Представление документа в формате RUSMARC

Поле Инд. ПП Название Значение
Тип записи a
Библиографический уровень a
001 Контрольный номер 11421551c5924d6d886c49154734aca8
005 Дата корректировки 20231127145626.4
100 a Данные общей обработки 20210601 ||| 0rusy0189 ca
101 0_ a Язык текста rus
102 a Страна публикации RU
200 1_ a Заглавие Конституционно-правовые аспекты дисциплинарной и материальной ответственности работника
203 a Вид содержания Текст
c Тип средства электронный
300 a Общие примечания Чтение статьи доступно в Источнике
336 a Примечание о виде электронного ресурса PDF
461 _0 1 2000
a Российское правосудие
463 _0 1 2000
a № 6
b Текст
v С. 33-40
1 2101
d 2008
1 001a4b738ec84494a26973fb069f124b69a
606 a Основная рубрика Право. Юридические науки
x Основная подрубрика Трудовое право
610 0_ a Ключевые слова ДИСЦИПЛИНАРНАЯ ОТВЕТСТВЕННОСТЬ
a Ключевые слова МАТЕРИАЛЬНАЯ ОТВЕТСТВЕННОСТЬ
a Ключевые слова РГУП.
700 _1 a Фамилия Глухов
b Имя А. В.
801 _0 a Страна RU
b Организация РГУП
c Дата составления 20210601
g Правила каталогизации PSBO
801 _1 a Страна RU
b Организация РГУП
c Дата составления 20210601
g Правила каталогизации PSBO
901 t Тип документа b
w Контрольный № источника a4b738ec84494a26973fb069f124b69a
905 a Дата ввода 20210601
952 k Публикации кафедры Трудового права и права социального обеспечения